000
00264nam a2200109Ia 4500
008
220217s9999 xx 000 0 und d
245
0
_a
Specification for bicycle tyres
260
_c
1963
500
_a
Standard number: IS 2414
650
_a
Cycle tyre
942
_c
ST
999
_c
73621
_d
73621